Dragon's eye : A chinese noir

Bibliographic Details
Main Author: Oakes, Andy
Format: Book
Published: New York : The Overlock Press , 2002
Subjects:

MARC

LEADER 00000cam a2200000 7i4500
001 0000008566
005 20070918.0
008 070918
020 |a 1585676462 
090 0 0 |a OAK   |b ENG 
100 1 |a Oakes, Andy 
245 1 0 |a Dragon's eye :   |b A chinese noir   |c Andy Oakes 
260 |a New York :   |b The Overlock Press ,   |c 2002 
650 0 |a Americans   |z China   |x Fiction 
650 0 |a Archaeologist   |x Crime against   |x Fiction 
650 0 |a English fiction 
650 0 |a Mass murder   |x Fiction 
650 0 |a Murder victims' families   |x Fiction 
650 0 |a Police   |z China   |z Shanghai   |x Fiction 
650 0 |a Shanghai (China)   |x Fiction 
999 |a 0000994390   |b Book   |c Adult Collection   |e Perbadanan Perpustakaan Awam Johor 
999 |a 0000994392   |b Book   |c Adult Collection   |e Perbadanan Perpustakaan Awam Johor